00660nam a22001815i 4500001000700000003000900007005001700016008004100033080003700074245004400111260007200155300002100227490003800248651003500286710004200321830003800363852007700401175986ES-MaACL20230906215946.0101203s2009 sp |||| | spa d a314.9(460.285 Mazarambroz)"1808"00aPadrón Mazarambroz b: año de 1808. aMazarambroz (Toledo) : bAyuntamiento de Mazarambroz, cD. L. 2009. a28 p. ; c21 cm.1 aAyuntamiento de Mazarambroz ; v3 4aMazarambroz (Toledo)-xCensos.1 aMazarambroz (Toledo). bAyuntamiento.0 aAyuntamiento de Mazarambroz ; v3 aES-MaACLj2272-F-8 z.- Dedicatoria de Isabel Sánchez-Palencia Mancebo